| 000 | 00474nam a2200169 4500 | ||
|---|---|---|---|
| 001 | 137731 | ||
| 003 | ES-MaACL | ||
| 005 | 20230906195430.0 | ||
| 007 | t| | ||
| 008 | 070214s1970 sp r ||||1| spa d | ||
| 100 | 1 |
_aSalgueiro, Francisco. _9101909 |
|
| 245 | 1 | 0 |
_aRegreso a la humildad / _cFrancisco Salgueiro. |
| 260 |
_aMadrid : _bEd. Nacional, _c1970. |
||
| 300 |
_a133 p. ; _c21 cm. |
||
| 852 |
_aES-MaACL _jC-39010 _bR.75163 |
||
| 852 |
_aES-MaACL _jL-5683 _bR.106328 |
||
| 999 |
_c137731 _d137731 |
||